000
00313nam a22001457a 4500
020
_a
81-274-0165-X
082
_a
823
_b
SAI/P
100
_a
SAIN, R. S.
245
_a
PANCHATHANTHRA
250
_a
1
260
_a
KOTTAYAM
_b
AVANTY PUBLICATIONS
_c
2010
300
_a
96
650
_a
ENGLISH SHORT STORY
942
_c
BK
999
_c
3491
_d
3491